Normal view
MARC view
- аялал
Entry Topical Term
001 - CONTROL NUMBER
- control field: 71020
003 - CONTROL NUMBER IDENTIFIER
- control field: OSt
005 - DATE AND TIME OF LATEST TRANSACTION
- control field: 20260421145154.0
008 - FIXED-LENGTH DATA ELEMENTS
- fixed length control field: 260421|| aca||aabn | a|a d
040 ## - CATALOGING SOURCE
- Original cataloging agency: OSt
- Transcribing agency: OSt
150 ## - HEADING--TOPICAL TERM
- Topical term or geographic name entry element: аялал
670 ## - SOURCE DATA FOUND
- Source citation: Work cat.: (OSt)31961: Густав Йон Рамстедт 62972 зохиогч, Дорно этгээдэд долоон удаа : Черемис, Халимаг, Афганистан, Туркестан, Монголоор аялсан тэмдэглэл : 1898-1912 /